000 00789nam a22001577a 4500
003 OSt
005 20160310134023.0
008 160310b xxu||||| |||| 00| 0 eng d
040 _cRUA
082 _aAGR TEP 2014 B458 Or.1
100 _97904
_aTEP SITHA ; ទេព​ ស៊ីថា
245 _aUtilization of organic fertilizer on celery babbage at crop station of royal university of agriculture, ការប្រើប្រាស់ជីធម្មជាតិទៅលើដំណាំស្ពៃចង្កឹះនៅក្នុងស្ថានីយ៍ពិសោធន៍ដំណាំនៃសាកលវិទ្យាល័យភូមិន្ទកសិកម្ម
260 _aPhnom Penh
_bRUA
_c2014
300 _aix ;43p.
_bill.
_c29cm.
942 _2ddc
_cAGR
999 _c7497
_d7497